000 00607nam a2200181Ia 4500
008 151018s9999 xx 000 0 und d
082 _bRBASDV36578
_a891.462
100 _aसाईदास आपटे
245 _aसंगीत चंबळची राणी
250 _b1
260 _bसुरज बुक स्टॉल
_c1980
300 _a80
600 _aसाईदास आपटे
630 _aसंगीत चंबळची राणी
700 _aसाईदास आपटे
730 _aसंगीत चंबळची राणी
942 _cBOOK
999 _c1036025
_d1036022